[Event "EU-ch Seniors 50 21st"]
[Site "Lublin"]
[Date "2022.07.13"]
[Round "9"]
[White "Chlewinski, Artur"]
[Black "Krzyzanowski, Wojciech Marcin"]
[Result "0-1"]
[WhiteElo "1417"]
[BlackElo "1878"]
[PlyCount "53"]
[EventDate "2022.07.05"]
[EventType "swiss"]
[EventRounds "9"]
[EventCountry "POL"]
[SourceTitle "CBM 209 Extra"]
[Source "ChessBase"]
[SourceDate "2022.09.30"]
[SourceVersion "1"]
[SourceVersionDate "2022.09.30"]
[SourceQuality "1"]

1. e4 c5 2. Nf3 Nc6 3. d4 cxd4 4. Nxd4 Nf6 5. Nc3 e5 6. Ndb5 d6 7. Bg5 a6 8. Na3 b5 9. Bxf6 gxf6 10. Nd5 Bg7 11. c3 f5 12. Qd3 0-0 13. exf5 e4 14. Qe3 Bxf5 15. Be2 b4 16. Nc4 bxc3 17. bxc3 Ne5 18. 0-0 Nxc4 19. Bxc4 Be5 20. f4 exf3 21. Qxf3 Be6 22. Rab1 Qh4 23. h3 Qxc4 24. Ne7+ Kh8 25. Rb4 Qxc3 26. Qxc3 Bxc3 27. Rb7 0-1